| 000 | 00373nam a2200145Ia 4500 | ||
|---|---|---|---|
| 008 | 230917s9999||||xx |||||||||||||| ||und|| | ||
| 040 |
_e71611 _aMAIN |
||
| 041 | _aEnglish | ||
| 082 | _a519.2 M896P | ||
| 100 | _aMukhopadhyay, Nitis | ||
| 245 | 0 | _aProbability and statistical inference | |
| 260 |
_aNew York _bMarcel Dekker _c2000 |
||
| 300 | _axviii, 665 p. | ||
| 942 | _cBK | ||
| 999 |
_c92937 _d92937 |
||